| 000 | 01464naa a2200421 c 4500 | ||
|---|---|---|---|
| 001 | 36714 | ||
| 003 | ES-MaCES | ||
| 005 | 20060918132100.0 | ||
| 008 | 060619n2006 xxk t ||0 | eng d | ||
| 035 | _aCES20060009829v | ||
| 040 |
_aES-MaCES _bspa _cES-MaCES |
||
| 100 | 1 |
_aMarks, Leonie A. _917588 |
|
| 245 | 1 | 0 |
_aImages of Globalisation in the Mass Media _cLeonie A. Marks, Nicholas Kalaitzandonakes, Srinivasa Konduru |
| 504 | _aBibliografía : p. 634-636 | ||
| 650 | 4 |
_aEstados Unidos _928373 |
|
| 650 | 4 |
_adatos estadísticos _930765 |
|
| 650 | 4 |
_a1984-2004 _931430 |
|
| 650 | 4 |
_aopinión pública _927247 |
|
| 650 | 4 |
_aevaluación _928893 |
|
| 650 | 4 |
_adifusión de la información _928915 |
|
| 650 | 4 |
_aprensa _927880 |
|
| 650 | 4 |
_amedios de comunicación de masas _927878 |
|
| 650 | 4 |
_afuentes de información _929449 |
|
| 650 | 4 |
_amigración _928635 |
|
| 650 | 4 |
_aambiente de trabajo _929086 |
|
| 650 | 4 |
_aempleo _928299 |
|
| 650 | 4 |
_apobreza _927112 |
|
| 650 | 4 |
_acrecimiento económico _927094 |
|
| 650 | 4 |
_amercado internacional _927969 |
|
| 650 | 4 |
_aglobalización económica _930653 |
|
| 653 | 1 | 0 | _aEconomía |
| 700 | 1 |
_aKonduru, Srinivasa _915903 |
|
| 700 | 1 |
_aKalaitzandonakes, Nicholas _915647 |
|
| 773 | 0 |
_tThe world economy _gvol. 29, no. 5 (May 2006){10214 R. 064464}; p. 615-636 _w(ES-MaCES)25728 _970134 |
|
| 902 | _aART Artículo de revista | ||
| 942 |
_2CES _cAR _h0.0. |
||
| 999 |
_c36714 _d36714 |
||